00414 2200169 4500001002100000005001500021008004100036020002200077035001900099041000700118082001000125090001600135100001900151245002900170260002300199300002200222INLIS00000000002386420241224131607241224||||||||| | ||| |||| || |  a978-979-1136-42-6 0010-1224023864 aid0 a641.3 a641.3 FER a0 aAgung Feryanto00aAneka Olahan dari Kacang aKlatenbSMKKc2007 aiv;52 hlm;21,5 cm